Basic principles of agricultural meterology (Record no. 553259)

MARC details
000 -LEADER
fixed length control field 00747nam a2200241Ia 4500
003 - CONTROL NUMBER IDENTIFIER
control field OSt
005 - DATE AND TIME OF LATEST TRANSACTION
control field 20220925205812.0
008 - FIXED-LENGTH DATA ELEMENTS--GENERAL INFORMATION
fixed length control field 220923b |||||||| |||| 00| 0 eng d
020 ## - INTERNATIONAL STANDARD BOOK NUMBER
International Standard Book Number 8178000373
037 ## - SOURCE OF ACQUISITION
Terms of availability General Book
040 ## - CATALOGING SOURCE
Original cataloging agency RTL
Transcribing agency RTL
Language of cataloging eng
041 ## - LANGUAGE CODE
Source of code eng
Language code of text/sound track or separate title eng
100 ## - MAIN ENTRY--PERSONAL NAME
Personal name Murthy Dr. V Radha Krishna
9 (RLIN) 271063
245 #0 - TITLE STATEMENT
Title Basic principles of agricultural meterology
260 ## - PUBLICATION, DISTRIBUTION, ETC.
Place of publication, distribution, etc. Hyderabad
Name of publisher, distributor, etc. B S Publications India
Date of publication, distribution, etc. 2002
300 ## - PHYSICAL DESCRIPTION
Extent xxv,261p. Bib p. 252-54 Appendix p. 241-51
Dimensions cm.
650 ## - SUBJECT ADDED ENTRY--TOPICAL TERM
Topical term or geographic name entry element Agricultural Geography
942 ## - ADDED ENTRY ELEMENTS (KOHA)
Classification part U672(J):(G:55), P2
Koha item type General Books
Source of classification or shelving scheme Colon Classification (CC)
Holdings
Withdrawn status Lost status Damaged status Not for loan Home library Current library Date acquired Total Checkouts Full call number Barcode Date last seen Price effective from Koha item type
        Ratan Tata Library Ratan Tata Library 2022-09-25   U672(J):(G:55) P2 RT1147100 2022-09-25 2022-09-25 General Books
Copyright @ Delhi University Library System